000 00559nam a2200193Ia 4500
005 20250326142251.0
008 250326s9999 xx 000 0 und d
020 _a0-471-82987-0
037 _aTextbook
040 _aFMSL
_beng
_cFMSL
041 _aeng
_2eng
084 _aX:8 M6
_qFMSL
100 _aMali P
_9745843
245 0 _aMBO updated: handbook of practices and techniques for managing by adjectives
_cMali P
260 _aNew York
_bNew York, Johan Wiley
_c1986
300 _a856p
942 _cTB
_hX:8 M6
999 _c1294211
_d1294211